Statistics for Percy Jackson: BOOK 1

Click here to take the quiz!

General Stats

  • This quiz has been taken 65 times
  • The average score is 16 of 18

Answer Stats

HintAnswer% Correct
Son of PosiedonPercy Jackson
100%
Daughter of AthenaAnnabeth Chase
97%
Son of HermesLuke Castellan
97%
Author of the Percy Jackson seriesRick Riordan
97%
God of the DeadHades
95%
God of LightningZeus
95%
Goddess of WisdomAthena
93%
Son of Poseidon's Satyr friendGrover Underwood
93%
Camp name in Percy JacksonCamp Half-Blood
92%
Activities directorChiron
92%
Daughter of AresClarisse
88%
Title of the first bookThe Lightning Thief
88%
Camp directorDionysus
83%
God of the SeaPoseidon
78%
Who is the Lightning Thief?Ares
75%
Son of Poseidon's momSally Jackson
73%
Famous GorgonMedusa
71%
Daughter of AphroditeSilena Beauregard
69%

Score Distribution

Percentile by Number Answered

Percent of People with Each Score

Your Score History

You have not taken this quiz